[Event "Aeroflot Open"]
[Site "Moscow RUS"]
[Date "2002.02.06"]
[Round "3"]
[White "Kovalev,A"]
[Black "Postny,E"]
[Result "1/2-1/2"]
[WhiteElo "2575"]
[BlackElo "2491"]

1.Nf3 d5 2.g3 Bg4 3.Bg2 Nd7 4.d3 e6 5.e4 Ngf6 6.Nbd2 dxe4 7.dxe4 Bc5 8.O-O O-O
9.h3 Bh5 10.Qe1 e5 11.Nc4 Bxf3 12.Bxf3 Ne8 13.b4 Bd4 14.c3 Bb6 15.Qe2 Qe7
16.Rd1 Nef6 17.Ne3 Bxe3 18.Bxe3 Qe6 19.g4 h6 20.h4 Rfd8 21.g5 hxg5 22.hxg5 Nh7
23.Bg4 Qe7 24.g6 Nhf8 25.gxf7+ Qxf7 26.Qf3 Qxf3 27.Bxf3 Nf6 28.Bg2 Ne6 29.f3 Kf7
30.Bf1 Ke7 31.Bc4 a6 32.Kf2 Rxd1 33.Rxd1 Rh8 34.Kg2 Nh5 35.Bxe6 Kxe6 36.a4 g5
37.c4 Nf4+ 38.Kg3 Nh5+ 39.Kg4 Nf6+ 40.Kxg5 Rh5+ 41.Kg6 Rh3 42.Rf1 Nxe4 43.fxe4 Rxe3
44.Rf6+ Ke7 45.Rf7+ Ke6 46.Rf6+ Ke7 47.Rf7+ Ke6 48.Rf6+  1/2-1/2

[Event "Aeroflot Open"]
[Site "Moscow RUS"]
[Date "2002.02.06"]
[Round "3"]
[White "Psakhis,L"]
[Black "Potkin,V"]
[Result "1/2-1/2"]
[WhiteElo "2572"]
[BlackElo "2481"]

1.Nf3 d5 2.g3 Nf6 3.Bg2 c6 4.O-O Bf5 5.b3 e6 6.Bb2 Bd6 7.d3 Qe7 8.Nbd2 Ba3
9.Qc1 Bxb2 10.Qxb2 O-O 11.c4 Nbd7 12.Ne5 Nxe5 13.Qxe5 Rac8 14.a3 Rfd8 15.b4 Ng4
16.Qd4 b6  1/2-1/2

[Event "7th HIT Open"]
[Site "Nova Gorica SLO"]
[Date "2002.02.06"]
[Round "7"]
[White "Kukovec,B"]
[Black "Sitnik,I"]
[Result "0-1"]
[WhiteElo "2155"]
[BlackElo "2291"]

1.Nf3 d5 2.g3 Nc6 3.d4 Bf5 4.Bg2 Nb4 5.Na3 Be4 6.c3 Nc6 7.Bf4 a6 8.O-O f6
9.h4 e6 10.Nb1 Bd6 11.Bxd6 Qxd6 12.Nbd2 Nge7 13.Nxe4 dxe4 14.Nd2 f5 15.Nc4 Qd7
16.f3 exf3 17.Bxf3 O-O-O 18.e4 g5 19.Kh1 gxh4 20.gxh4 Rhg8 21.Rg1 fxe4 22.Bg4 Nf5
23.d5 Qe7 24.Qe1 Rxd5 25.Rc1 Rd3 26.Rc2 Ng3+ 27.Rxg3 Qxh4+ 28.Rh2 Qxg3 29.Qxg3 Rxg3
30.Bxe6+ Kb8 31.Bxg8 Rxg8 32.Rxh7 b5 33.Rh6 Kb7 34.Na3 Ne5 35.c4 Nf3  0-1

[Event "7th HIT Open"]
[Site "Nova Gorica SLO"]
[Date "2002.02.06"]
[Round "7"]
[White "Burmakin,V"]
[Black "Kovacevic,B"]
[Result "1-0"]
[WhiteElo "2564"]
[BlackElo "2443"]

1.Nf3 d5 2.g3 Nc6 3.d4 Bg4 4.Bg2 Qd7 5.c4 e6 6.cxd5 exd5 7.Nc3 Bb4 8.a3 Bxc3+
9.bxc3 Bh3 10.Bxh3 Qxh3 11.Rb1 O-O-O 12.Qa4 Nge7 13.Ne5 Qg2 14.Rf1 Nxe5 15.dxe5 Qe4
16.Rb4 Qxe5 17.Qxa7 Qxc3+ 18.Kd1 Rd6 19.Bb2  1-0

[Event "13th Asian Cities"]
[Site "Aden YEM"]
[Date "2002.02.07"]
[Round "1"]
[White "Safin,S"]
[Black "Khalidhara,M"]
[Result "1-0"]
[WhiteElo "2528"]
[BlackElo "2192"]

1.Nf3 d5 2.g3 Nf6 3.Bg2 g6 4.O-O Bg7 5.c4 c6 6.cxd5 cxd5 7.d4 O-O 8.Nc3 Nc6
9.Ne5 Nxe5 10.dxe5 Ng4 11.Nxd5 Nxe5 12.Bg5 Nc6 13.Rc1 h6 14.Rxc6 hxg5 15.Rc7 Kh8
16.Rxe7 Bxb2 17.Qb3 Bg7 18.Qe3 g4 19.Qg5 Qd6 20.Re3 Bf5 21.Qh4+  1-0

[Event "Aeroflot Open"]
[Site "Moscow RUS"]
[Date "2002.02.07"]
[Round "4"]
[White "Markowski,T"]
[Black "Shabalov,A"]
[Result "0-1"]
[WhiteElo "2524"]
[BlackElo "2606"]

1.g3 d5 2.Nf3 g6 3.c4 c6 4.Qa4 e6 5.Bg2 Bg7 6.O-O Nf6 7.d4 O-O 8.Nc3 Nbd7
9.Qb3 b6 10.Bf4 Bb7 11.Rfd1 Qe7 12.c5 Rfc8 13.Rac1 h6 14.Re1 g5 15.Bd2 Rab8
16.cxb6 axb6 17.e4 Nxe4 18.Nxe4 dxe4 19.Rxe4 c5 20.Ree1 cxd4 21.Qb5 Nc5 22.h4 Bxf3
23.Bxf3 gxh4 24.Bf4 e5 25.b4 Ne6 26.Bxe5 Rxc1 27.Rxc1 Qg5 28.Rc5 hxg3 29.Bxb8 gxf2+
30.Kxf2 bxc5 31.bxc5 Nxc5 32.Qe8+ Bf8 33.Qe2 Ne6 34.Kf1 Bg7 35.Bh2  0-1

[Event "Aeroflot Open"]
[Site "Moscow RUS"]
[Date "2002.02.07"]
[Round "5"]
[White "Shushpanov,R"]
[Black "Sveshnikov,E"]
[Result "0-1"]
[WhiteElo "2460"]
[BlackElo "2565"]

1.Nf3 d5 2.g3 c6 3.Bg2 Nf6 4.O-O Bf5 5.d3 e6 6.c4 dxc4 7.dxc4 Nbd7 8.Nc3 Bb4
9.Nh4 Bg6 10.Nxg6 hxg6 11.Qa4 Qa5 12.Qxa5 Bxa5 13.Ne4 Nxe4 14.Bxe4 O-O-O
15.Bg5 f6 16.Be3 Bb6 17.Bxb6 Nxb6 18.Bd3 g5 19.c5 Nd7 20.Bc4 Nxc5 21.b4 b5
22.Bxb5 cxb5 23.Rfc1 Rd5 24.e4 Re5 25.a4 Kb7 26.bxc5 Rc8 27.axb5 Rcxc5 28.Rxc5 Rxc5
29.Ra6 Rxb5 30.Rxe6 a5 31.Re7+ Kb6 32.Re6+ Ka7 33.Rc6 a4 34.Rc1 Kb6 35.Kg2 a3
36.Ra1 Ra5 37.Kf3 Kc5 38.e5 fxe5 39.Kg4 Kb4 40.Kxg5 Ra6 41.Kf5 Rf6+ 42.Kxe5 Rxf2
43.h4 a2 44.g4 Kb3 45.h5  0-1

[Event "Aeroflot Open"]
[Site "Moscow RUS"]
[Date "2002.02.07"]
[Round "5"]
[White "Loginov,Va"]
[Black "Kobalia,M"]
[Result "1-0"]
[WhiteElo "2524"]
[BlackElo "2620"]

1.Nf3 d5 2.g3 Nf6 3.Bg2 c6 4.O-O Bf5 5.c4 e6 6.d3 h6 7.Be3 Bd6 8.Qb3 Qc7
9.Nc3 Ng4 10.Bd2 Nd7 11.cxd5 exd5 12.Rac1 Qb6 13.Qc2 O-O 14.e4 dxe4 15.dxe4 Bh7
16.Rcd1 Qc7 17.h3 Ngf6 18.Nd4 Rfe8 19.Rfe1 Rad8 20.Be3 Bb4 21.Nde2 Bc5 22.Bd4 Bxd4
23.Nxd4 Qb6 24.a3 Nc5 25.b4 Ncxe4 26.Bxe4 Nxe4 27.Nxe4 Kh8 28.Qd3 Re7 29.Re2 a5
30.bxa5 Qxa5 31.Qc3 Qa4 32.Rdd2 Rxe4 33.Ne6 Rg8 34.Nc5 Qb5 35.Nxe4 Qb1+ 36.Kg2 Bxe4+
37.f3 Bd5 38.Rb2 Qd1 39.Re1 Qa4 40.Rxb7 Ra8 41.Re3 Qd1 42.Rbe7 Rb8 43.Re8+ Rxe8
44.Rxe8+ Kh7 45.Re1 Qa4 46.Qd3+ g6 47.Re8 Kg7 48.Qc3+ f6 49.Qc5 g5 50.Re7+ Kg6
51.Qc3 Qd1 52.Re1 Qa4 53.Qd3+ Kg7 54.Re7+ Kf8 55.Qh7 Bxf3+ 56.Kh2  1-0

[Event "Aeroflot Open"]
[Site "Moscow RUS"]
[Date "2002.02.08"]
[Round "6"]
[White "Markowski,T"]
[Black "Asrian,K"]
[Result "1/2-1/2"]
[WhiteElo "2524"]
[BlackElo "2599"]

1.g3 d5 2.Nf3 c6 3.Bg2 Bg4 4.O-O e6 5.d3 Nd7 6.c4 Bxf3 7.Bxf3 dxc4 8.dxc4 Ne5
9.Nd2 Nxf3+ 10.Nxf3 Qxd1 11.Rxd1 Nf6 12.Be3 Be7 13.Ne5 O-O 14.Rd3 Rfd8 15.Rb3 Bd6
16.Nd3 b6 17.c5 bxc5 18.Rc1 Rab8 19.Rxb8 Rxb8 20.Bxc5 Bxc5 21.Rxc5 Rb6 22.b3 Nd7
23.Ra5 Rb7 24.Nc5 Nxc5 25.Rxc5 Rc7 26.f4 Kf8 27.Kf2 Ke7 28.Ke3 Kd6 29.Kd4 Rd7
30.g4 Kc7+ 31.Ke3 Rd1 32.Rh5 h6 33.h4 Ra1 34.Ra5 Kb6 35.Ra4 Rh1 36.Rb4+ Kc7
37.Ra4 Kb6 38.Rb4+ Kc7  1/2-1/2

[Event "Aeroflot Open"]
[Site "Moscow RUS"]
[Date "2002.02.09"]
[Round "7"]
[White "Markowski,T"]
[Black "Van Wely,L"]
[Result "1/2-1/2"]
[WhiteElo "2524"]
[BlackElo "2697"]

1.g3 d5 2.Nf3 g6 3.c4 d4 4.Bg2 Bg7 5.O-O c5 6.d3 Nc6 7.Na3 Nf6 8.Nc2 a5 9.b3 O-O
10.a3 e5 11.Rb1 e4 12.Ng5 exd3 13.exd3 Bg4 14.f3 Bd7 15.f4 Rb8 16.Ne4 Nxe4
17.Bxe4 b5 18.cxb5 Rxb5 19.a4 Rb8 20.f5 Re8 21.Na3 Ne5 22.Bf4 gxf5 23.Bg2 Ng4
24.Bxb8 Ne3 25.Qh5 Nxg2 26.Kxg2 Bc6+ 27.Kh3 Qd5 28.Rb2 Rxb8 29.Rxf5 Bd7 30.g4 Bxf5
31.Qxf5 Qc6 32.Nc4 Re8 33.Rf2 Re7  1/2-1/2

[Event "Aeroflot Open"]
[Site "Moscow RUS"]
[Date "2002.02.10"]
[Round "9"]
[White "Loginov,Va"]
[Black "Beshukov,S"]
[Result "0-1"]
[WhiteElo "2524"]
[BlackElo "2465"]

1.Nf3 d5 2.g3 c6 3.Bg2 Nd7 4.c4 Ngf6 5.cxd5 cxd5 6.Nc3 e5 7.d4 e4 8.Ne5 Bd6
9.Bf4 Nb6 10.a4 a5 11.Qb3 O-O 12.O-O Be6 13.Nb5 Bb8 14.f3 Nh5 15.Rad1 f6
16.fxe4 Re8 17.exd5 Nxd5 18.Qf3 fxe5 19.dxe5 Nhxf4 20.gxf4 Qb6+ 21.Rd4 Nc7
22.e3 Nxb5 23.axb5 Qxb5 24.Kh1 Bc7 25.Rg1 Re7 26.Qg3 Rf8 27.Qh4 Qe8 28.Bxb7 Bb6
29.Be4 Bf5 30.Bxf5 Rxf5 31.Rd3 Qc6+ 32.Rg2 Qc1+ 33.Rg1 Qc6+ 34.Rg2 Rexe5
35.Rc3 Rc5 36.Rxc5 Rxc5 37.h3 Rc2  0-1

[Event "XVIII Open"]
[Site "Cappelle la Grande FRA"]
[Date "2002.02.11"]
[Round "3"]
[White "Stryjecki,M"]
[Black "Dumitrache,D"]
[Result "1/2-1/2"]
[WhiteElo "2445"]
[BlackElo "2506"]

1.g3 d5 2.Nf3 c6 3.Bg2 Nf6 4.O-O Bf5 5.d3 h6 6.c4 dxc4 7.dxc4 Qxd1 8.Rxd1 e6
9.Nc3 Nbd7 10.Be3 Bb4 11.Rac1 Ng4 12.Bd2 O-O-O 13.Ne4 Be7 14.Nd4 Bxe4 15.Bxe4 Ndf6
16.Nxc6 bxc6 17.Bxc6 Bc5 18.Be1 Rxd1 19.Rxd1 Kc7 20.Bb5 Rd8 21.Rc1 Ne5 22.b4 Be7
23.c5 Nd5 24.Ba6 Kb8 25.Bb5 Nc7 26.Ba4 a6 27.Bc2 Nc6 28.Bd3 f5 29.Bc4 Ne5
30.Bb3 Ka7 31.Ba4 Kb7 32.Bc2 Nc6 33.a4 Nd4 34.Bd1 e5 35.e3 Nde6 36.Be2 e4
37.f3 Ng5 38.fxe4 Nxe4 39.Bf3 Bg5 40.Bf2 Ka7 41.h4 Nxf2 42.hxg5 Nh3+ 43.Kf1 Nxg5
44.Bc6 Nce6 45.b5 Rc8 46.Rc4 Ne4 47.b6+ Kb8 48.Bxe4 fxe4 49.c6 a5 50.g4 Nf8
51.b7 Re8 52.Ke2 Ng6 53.Rc5 Kc7 54.Rxa5 Ne5 55.Ra8 Rb8 56.a5 Nxc6 57.a6 Rd8
58.Ke1 Nb8 59.a7 g6  1/2-1/2

[Event "Petrov Mem Open"]
[Site "St Petersburg RUS"]
[Date "2002.02.12"]
[Round "1"]
[White "Tolstikh,N"]
[Black "Lanin,A"]
[Result "1-0"]
[WhiteElo "2491"]
[BlackElo "2221"]

1.Nf3 d5 2.g3 c5 3.Bg2 Nc6 4.d4 cxd4 5.Nxd4 Nf6 6.O-O e5 7.Nxc6 bxc6 8.c4 Bb7
9.cxd5 cxd5 10.Nc3 Qd7 11.Qb3 Bc6 12.Bg5 d4 13.Bxf6 Bxg2 14.Kxg2 gxf6 15.Nd5 Bg7
16.Rac1 O-O 17.Rc7 Qd6 18.Rfc1 Rab8 19.Qf3 Rxb2 20.Ne7+ Kh8 21.Nf5 Qd8 22.Qg4 Rg8
23.Rc8 Qd5+ 24.Kg1 Bf8 25.Qxg8+ Kxg8 26.Rxf8+  1-0

[Event "10th Open"]
[Site "Valle d'Aosta ITA"]
[Date "2002.02.12"]
[Round "4"]
[White "Malakhov,V"]
[Black "Komarov,D"]
[Result "1-0"]
[WhiteElo "2647"]
[BlackElo "2537"]

1.Nf3 d5 2.g3 Bg4 3.Bg2 Nd7 4.c4 e6 5.cxd5 exd5 6.h3 Bxf3 7.Bxf3 c6 8.d3 Ngf6
9.O-O Bc5 10.Nc3 O-O 11.Qb3 Qb6 12.Qc2 Bd4 13.Bd2 Rfe8 14.e3 Be5 15.d4 Bd6
16.b4 a6 17.Rab1 Qc7 18.Kg2 Nb6 19.e4 dxe4 20.Nxe4 Nxe4 21.Bxe4 h6 22.Bf3 Nd5
23.a4 Red8 24.b5 axb5 25.axb5 Be7 26.bxc6 bxc6 27.Rfc1 Bf6 28.Qxc6 Qxc6 29.Rxc6 Ra2
30.Be1 Bxd4 31.Kf1 Nf6 32.Rd1 Ra1 33.Rxa1 Bxa1 34.Be2 Nd5 35.Ba5 Ra8 36.Rc5 Ne7
37.Bd2 Rc8 38.Rb5 Bd4 39.Bd3 Bc5 40.Ke2 Bd6 41.Be3 Rb8 42.Ra5 Bc7 43.Ra7 Nd5
44.Bc4 Nxe3 45.Bxf7+ Kxf7 46.Rxc7+ Kf6 47.fxe3 Rb1 48.h4 h5 49.Rc5 g6 50.Kf3 Rf1+
51.Ke4 Rg1 52.Rc6+ Kg7 53.Kf3 Rf1+ 54.Ke2 Ra1 55.Rd6 Rg1 56.Kf2 Ra1 57.Rb6 Rc1
58.Rb2 Kf6 59.Kf3 Rf1+ 60.Rf2 Rg1 61.Kf4 Ra1 62.e4 Re1 63.Rf3 Re2 64.Ra3 Rf2+
65.Ke3 Rb2 66.Ra6+ Ke5 67.Ra5+ Kf6 68.Kf3 Rb1 69.Ra6+ Kf7 70.Kf4 Rg1 71.e5 Re1
72.Ra7+ Kf8 73.Ra3 Kg7 74.Re3 Rf1+ 75.Ke4 Rd1 76.Rd3 Ra1 77.Kd5 Kf7 78.Rf3+ Ke7
79.Rc3 Ra5+ 80.Rc5 Ra3 81.Rc7+ Kd8 82.Rh7 Rxg3 83.Ke6 Rg4 84.Rh8+ Kc7 85.Kf6 Rf4+
86.Kxg6 Rxh4 87.Kf7 Rf4+ 88.Ke7 h4 89.e6 Kc6 90.Ke8 Ra4 91.Rh6 Rf4 92.e7+ Kc7
93.Rh8 Kd6 94.Kd8 Ra4 95.Rh6+ Kd5  1-0

[Event "XVIII Open"]
[Site "Cappelle la Grande FRA"]
[Date "2002.02.14"]
[Round "6"]
[White "Chuchelov,V"]
[Black "Raetsky,A"]
[Result "1-0"]
[WhiteElo "2600"]
[BlackElo "2426"]

1.Nf3 d5 2.g3 Nc6 3.d4 Bg4 4.Bg2 Qd7 5.h3 Bh5 6.c3 f6 7.b4 O-O-O 8.O-O e5
9.b5 Na5 10.Qa4 Nc4 11.dxe5 Bc5 12.Nbd2 Nxe5 13.Ba3 Bxa3 14.Qxa3 Bxf3 15.Nxf3 Kb8
16.Nxe5 fxe5 17.Rfd1 Nf6 18.c4 d4 19.Rab1 e4 20.c5 Qd5 21.Rbc1 Rhe8 22.Qb4 Qe6
23.Rc4 d3 24.exd3 exd3 25.Bf3 Re7 26.Kg2 g5 27.b6 c6 28.bxa7+ Ka8 29.Qb6 Qc8
30.Rc3 d2 31.Rc2 Qd7 32.Qa5 Nd5 33.Rcxd2 Rf8 34.Bxd5 cxd5 35.Rxd5 Qc6 36.Kg1 Rc7
37.Rd8+ Rc8 38.Rxc8+ Rxc8 39.Rd8 Rxd8 40.Qxd8+ Kxa7 41.Qa5+ Kb8 42.Qd8+ Ka7
43.Qxg5 Qe4 44.Qe3 Qb1+ 45.Kh2 Qxa2 46.c6+ Ka6 47.cxb7 Kxb7 48.g4 Qc2 49.Qg3  1-0

[Event "XVIII Open"]
[Site "Cappelle la Grande FRA"]
[Date "2002.02.14"]
[Round "6"]
[White "Kengis,E"]
[Black "Rausis,I"]
[Result "1/2-1/2"]
[WhiteElo "2571"]
[BlackElo "2466"]

1.Nf3 d5 2.g3 Nf6 3.Bg2 e6 4.d4 c5 5.O-O Nc6 6.c4 dxc4 7.dxc5 Qxd1 8.Rxd1 Bxc5
9.Nbd2 c3 10.bxc3 O-O 11.Nb3 Be7 12.Nfd4  1/2-1/2

[Event "Petrov Mem Open"]
[Site "St Petersburg RUS"]
[Date "2002.02.14"]
[Round "3"]
[White "Zemerov,V"]
[Black "Riazantsev,A"]
[Result "1/2-1/2"]
[WhiteElo "2317"]
[BlackElo "2511"]

1.Nf3 d5 2.g3 Nf6 3.Bg2 c6 4.b3 Bf5 5.Bb2 e6 6.O-O Be7 7.d3 h6 8.c4 O-O 9.Nbd2 Nbd7
10.a3 a5 11.Ra2 Re8 12.Qa1 Bf8 13.Ne5 Nxe5 14.Bxe5 Nd7 15.Bc3 Nb6 16.Rd1 Qe7
17.cxd5 exd5 18.e4 dxe4 19.dxe4 Be6 20.a4 Nd7 21.Qb1 Nc5 22.Bf1 Qc7 23.Re1 Na6
24.Rc2 Bb4 25.Bc4 Bxc3 26.Rxc3 Rad8 27.Bxe6 Rxd2 28.Bc4 Nb4 29.Rf3 Re7 30.Rd1 Qd7
31.Rxd2 Qxd2 32.h4 Rd7 33.Kh2 Nc2 34.Qf1 Na3 35.e5 Nxc4 36.Qxc4 Qd4 37.Qe2 Re7
38.Re3 Qd5 39.Qe1 h5 40.Qe2 g6 41.f4 Rd7 42.g4 hxg4 43.Qxg4 Qd1 44.Qxd1 Rxd1
45.Kg3 Kf8 46.Kg4 Ke7 47.f5 Rg1+ 48.Kf4 Rf1+  1/2-1/2

[Event "10th Open"]
[Site "Valle d'Aosta ITA"]
[Date "2002.02.14"]
[Round "6"]
[White "Drazic,S"]
[Black "Zichichi,A"]
[Result "1/2-1/2"]
[WhiteElo "2471"]
[BlackElo "2313"]

1.Nf3 d5 2.g3 c6 3.Bg2 Nf6 4.O-O Bf5 5.d3 h6 6.c4 e6 7.Qb3 Qb6 8.Be3 Qxb3
9.axb3 a6 10.Nc3 Nbd7 11.h3 Be7 12.Nd2 O-O 13.f4 Bh7 14.Bf2 Rfd8 15.Rfd1 Rac8
16.Bf3 g5 17.d4 gxf4 18.gxf4 Kh8 19.c5 Rg8+ 20.Kh2 Ne8 21.b4 Ng7 22.Rg1 Nf5
23.Nb3 Bf6 24.e3 Bh4 25.Bxh4 Nxh4 26.Bg4 Nf6 27.Na5 Rc7 28.Kg3 Nf5+ 29.Kf2 Ne7
30.Bf3 Rb8 31.Be2 Bf5 32.Rg3 Rg8 33.Rxg8+ Kxg8 34.Bf1 Bg6 35.Ra3 Kf8 36.Ke1 Nf5
37.Kf2 Ne7 38.Kg2 Nf5 39.Kf3 Ne7 40.Ra1 Bf5 41.Kg2 Bg6 42.Be2 Bf5 43.Rg1 Bg6
44.Kf2 Bf5 45.Bf1 Bg6 46.Ke1 Bf5 47.Nd1 Ne4 48.Bg2 Nf6 49.Nf2 Rc8 50.Bf1 Rb8
51.Kd2 b6 52.cxb6 Rxb6 53.Kc3 Nc8 54.Nb3 Nd6 55.Nc5 Nb5+ 56.Kb3 Ke7 57.Be2 Nc7
58.Ka4 Rb8 59.Ka3 Nb5+ 60.Ka4 Nc7 61.Ka5 Nd7 62.Nxd7 Kxd7 63.h4 Nb5 64.h5 Nd6
65.Nd1 Nb7+ 66.Ka4 Bc2+ 67.Ka3 a5 68.b5 cxb5 69.Bxb5+ Ke7 70.Nc3 Nd6 71.Rc1 Rxb5
72.Rxc2 Nc4+ 73.Ka2 Rb4 74.e4 dxe4 75.Nxe4 Ra4+ 76.Kb1 Rb4 77.Ka2 Ra4+ 78.Kb3 Rb4+
79.Ka2 Ra4+  1/2-1/2

[Event "10th Open"]
[Site "Valle d'Aosta ITA"]
[Date "2002.02.14"]
[Round "6"]
[White "Drasko,M"]
[Black "Sedina,E"]
[Result "1-0"]
[WhiteElo "2504"]
[BlackElo "2423"]

1.Nf3 d5 2.g3 Bg4 3.Bg2 Nd7 4.O-O c6 5.d3 e5 6.e4 dxe4 7.dxe4 Bc5 8.Nbd2 f6
9.a4 a5 10.Nc4 Nb6 11.Ne3 Be6 12.Qe2 Ne7 13.Rd1 Qc7 14.Ne1 O-O 15.Nd3 Bd6
16.b3 Rfd8 17.Bd2 c5 18.Nb2 Nc6 19.Nbc4 Nd4 20.Qf1 Nxc4 21.bxc4 f5 22.exf5 Nxf5
23.Nd5 Qf7 24.c3 Ne7 25.Bg5 h6 26.Bxe7 Bxe7 27.Rab1 Rab8 28.Qe2 Rf8 29.Qxe5 Bf6
30.Nxf6+ Qxf6 31.Qxf6 Rxf6 32.Rxb7 Rxb7 33.Bxb7 Bxc4 34.Bd5+ Bxd5 35.Rxd5 Rc6
36.f4 Kf7 37.c4 Kf6 38.Kf2 g5 39.fxg5+ hxg5 40.Kf3 Rb6 41.Kg4 Rb4 42.Rf5+ Ke6
43.Rxc5 Rxa4 44.Kxg5  1-0

[Event "XVIII Open"]
[Site "Cappelle la Grande FRA"]
[Date "2002.02.15"]
[Round "7"]
[White "Stryjecki,M"]
[Black "Kengis,E"]
[Result "1/2-1/2"]
[WhiteElo "2445"]
[BlackElo "2571"]

1.g3 d5 2.Nf3 e6 3.Bg2 g6 4.O-O Bg7 5.c4 Ne7 6.d4 Nbc6 7.cxd5 exd5 8.b3 O-O
9.Ba3 Bg4 10.e3 Qd7 11.Nc3 Rfe8 12.Qd2 Bh3 13.Bxh3 Qxh3 14.Bxe7 Nxe7 15.b4 Rad8
16.Qd3 a6 17.b5 axb5 18.Qxb5 b6 19.a4 Qf5 20.Nh4 Qe6 21.a5 bxa5 22.Qxa5 c6
23.Nf3 Bf6 24.Qa6 h5 25.Qd3 h4 26.Rfe1 hxg3 27.hxg3 Kg7 28.Kg2 Qg4 29.Nh2 Qe6
30.Nf3 Qg4 31.Nh2 Qc8 32.Nf3 Nf5 33.Na4 Nd6 34.Nc5 Ne4 35.Qc2 Qf5 36.Nxe4 dxe4
37.Ng1 Rc8 38.Ra7 c5 39.Qc4 Be7 40.Ra5 Rh8 41.Re2 Rh5 42.Ra7 Bd6 43.dxc5 Rxc5  1/2-1/2

[Event "Petrov Mem Open"]
[Site "St Petersburg RUS"]
[Date "2002.02.15"]
[Round "4"]
[White "Chistjakova,E"]
[Black "Outioupine,V"]
[Result "1/2-1/2"]
[WhiteElo "2073"]
[BlackElo "2133"]

1.Nf3 d5 2.g3 c6 3.Bg2 Bf5 4.d4 Nf6 5.Nbd2 h6 6.O-O e6 7.c4 Nbd7 8.b3 Bd6
9.Bb2 Qe7 10.Ne1 O-O 11.f3 e5 12.e3 exd4 13.exd4 Rfe8 14.Rf2 Qe6 15.Bf1 Nf8
16.c5 Bc7 17.Re2 Qd7 18.Rxe8 Rxe8 19.Kf2 N8h7 20.Bg2 Ng5 21.Nf1 Bh3 22.Nd3 Bxg2
23.Kxg2 Qh3+ 24.Kg1 Qf5 25.Kg2 Qe6 26.Nf2 Qf5 27.Bc3 h5 28.Qd3 Qxd3  1/2-1/2

[Event "XVIII Open"]
[Site "Cappelle la Grande FRA"]
[Date "2002.02.16"]
[Round "8"]
[White "Kengis,E"]
[Black "Sammalvuo,T"]
[Result "1-0"]
[WhiteElo "2571"]
[BlackElo "2433"]

1.Nf3 d5 2.g3 Nf6 3.Bg2 e6 4.d4 Be7 5.c4 O-O 6.Qc2 c5 7.O-O cxd4 8.Nxd4 Nc6
9.Nxc6 bxc6 10.b3 a5 11.Nc3 Ba6 12.Rd1 Qc7 13.Na4 dxc4 14.bxc4 Rab8 15.Bd2 Rfe8
16.Bc3 Nd7 17.Qe4 Nc5 18.Nxc5 Bxc5 19.Be5 Qa7 20.Bxb8 Bxf2+ 21.Kh1 Rxb8 22.Qxc6 Bd4
23.Rab1 Rc8 24.Rxd4  1-0

[Event "TCh-FIN 2001-02"]
[Site "FIN"]
[Date "2002.02.16"]
[Round "7"]
[White "Tolonen,L"]
[Black "Westerinen,H"]
[Result "1/2-1/2"]
[WhiteElo "2332"]
[BlackElo "2412"]

1.Nf3 d5 2.g3 c6 3.Bg2 Nf6 4.d3 g6 5.b3 Bg7 6.Bb2 O-O 7.O-O Bg4 8.Nbd2 Qc8
9.Re1 Bh3 10.Bh1 h6 11.c4 Nbd7 12.Rc1 Qd8 13.Rc2 e6 14.Qa1 Nh5 15.Bxg7 Nxg7
16.Ne5 Nxe5 17.Qxe5 Ne8 18.b4 Qf6 19.Nf3 Qxe5 20.Nxe5 Nf6 21.b5 cxb5 22.cxb5 b6
23.f4 a6 24.Rb1 axb5 25.Bf3 h5 26.Rxb5 Ra6 27.Kf2 Rd8 28.Rbb2 Nd7 29.Nc6 Rda8
30.e4 Nc5 31.Ke2 dxe4 32.dxe4 Bg4 33.Bxg4 hxg4 34.e5 Kg7 35.Nd4 Rh8 36.Kf1 Rd8
37.Rd2 Rd5 38.Ne2 Rxd2 39.Rxd2 Ra3 40.Nd4  1/2-1/2

[Event "Petrov Mem Open"]
[Site "St Petersburg RUS"]
[Date "2002.02.16"]
[Round "5"]
[White "Loginov,Va"]
[Black "Kachar,V"]
[Result "1-0"]
[WhiteElo "2524"]
[BlackElo "2363"]

1.Nf3 d5 2.g3 Bg4 3.Bg2 Nd7 4.c4 e6 5.cxd5 exd5 6.Nc3 Ngf6 7.O-O Be7 8.d3 O-O
9.Qc2 c6 10.e4 dxe4 11.dxe4 Qa5 12.h3 Bxf3 13.Bxf3 Rfe8 14.Bg2 Rad8 15.Bd2 Qe5
16.Rae1 Bc5 17.Kh1 Bd4 18.f4 Qc5 19.Rf3 b5 20.a3 Nb6 21.e5 Nfd5 22.b4 Qf8
23.Nxd5 cxd5 24.Qd3 Bb2 25.Qxb5 Nc4 26.Bc1 Bxc1 27.Rxc1 Qe7 28.Rd3 Nb6 29.Kh2 g5
30.Qc5 Qe6 31.Qd4 gxf4 32.gxf4 Re7 33.Rg3+ Kh8 34.Rc6  1-0

[Event "Petrov Mem Open"]
[Site "St Petersburg RUS"]
[Date "2002.02.16"]
[Round "5"]
[White "Mukhin,G"]
[Black "Golovchenko,G"]
[Result "1/2-1/2"]
[WhiteElo "2373"]
[BlackElo "2308"]

1.Nf3 d5 2.g3 g6 3.Bg2 Bg7 4.d4 Nf6 5.O-O O-O 6.c4 c6 7.cxd5 cxd5 8.Nc3 Nc6
9.Ne5 Be6 10.Nxc6 bxc6 11.Bf4 Nh5 12.Bg5 h6 13.Be3 f5 14.f4 Nf6 15.Kh1 Ne4
16.Rc1 Rb8 17.b3 Qd6 18.Qd3 Qb4 19.Na4 Bd7 20.Rc2 Rfc8 21.Rfc1 e6  1/2-1/2

[Event "Petrov Mem Open"]
[Site "St Petersburg RUS"]
[Date "2002.02.17"]
[Round "6"]
[White "Tolstikh,N"]
[Black "Ovod,E"]
[Result "0-1"]
[WhiteElo "2491"]
[BlackElo "2355"]

1.Nf3 d5 2.g3 Nf6 3.Bg2 Bg4 4.O-O Nbd7 5.c4 c6 6.cxd5 cxd5 7.Nc3 e6 8.d3 a6
9.Bf4 Bc5 10.Rc1 O-O 11.e4 Nh5 12.Bd2 Ne5 13.h3 Bxf3 14.Bxf3 Nxg3 15.Re1 Nxd3
16.Be3 Bxe3  0-1

[Event "Petrov Mem Open"]
[Site "St Petersburg RUS"]
[Date "2002.02.17"]
[Round "6"]
[White "Kuporosov,V"]
[Black "Kruppa,Y"]
[Result "1/2-1/2"]
[WhiteElo "2473"]
[BlackElo "2551"]

1.Nf3 d5 2.g3 Bg4 3.Bg2 Nd7 4.c4 e6 5.cxd5 exd5 6.Nc3 Ngf6 7.d3 Be7 8.O-O O-O
9.Qc2 Re8 10.Rd1 c6 11.a3 Bf8 12.h3 Bxf3 13.exf3 Bd6 14.d4 a5 15.b3 Qb6 16.Bb2 Bf8
17.Rac1 Qa7 18.Na4 Nb6 19.Nxb6 Qxb6 20.Bf1 g6 21.Bd3 Bg7 22.Kg2 Nd7 23.f4 f5
24.Rd2 Nf8 25.Rcd1 Ne6 26.Be2 Re7 27.Bf3 Rae8 28.a4 Rd7 29.Rd3 Rdd8 30.Qd2 Bf8
31.Qc2 Bg7  1/2-1/2

[Event "Petrov Mem Open"]
[Site "St Petersburg RUS"]
[Date "2002.02.17"]
[Round "6"]
[White "Shushpanov,R"]
[Black "Yevseev,D"]
[Result "0-1"]
[WhiteElo "2460"]
[BlackElo "2540"]

1.Nf3 d5 2.g3 Bg4 3.Bg2 Nd7 4.O-O Ngf6 5.c4 c6 6.d3 dxc4 7.dxc4 e5 8.b3 Bc5
9.Bb2 Qe7 10.Qc2 O-O 11.h3 Bxf3 12.Bxf3 Qe6 13.Kh2 e4 14.Bg2 Ne5 15.Kg1 Rad8
16.a3 e3 17.f4 Nd3 18.f5 Qd6 19.Bxf6 Qxf6 20.Nc3 Nf2 21.Ne4 Qxf5 22.g4 Qe5
23.Nxc5 Qxc5 24.Qc3 Rfe8 25.b4 Qd6 26.Rxf2 exf2+ 27.Kxf2 Qf4+ 28.Bf3 Qh2+
29.Kf1 Qxh3+ 30.Kf2 Qh2+ 31.Kf1 Re6 32.c5 Qe5 33.Qxe5 Rxe5 34.Kf2 g6 35.Rc1 Rd4
36.b5 cxb5 37.Bxb7 Rc4 38.Rxc4 bxc4 39.c6 Rc5 40.Ke3 c3 41.Kd4 Rxc6  0-1

[Event "10th Open"]
[Site "Valle d'Aosta ITA"]
[Date "2002.02.17"]
[Round "9"]
[White "Timoscenko,G"]
[Black "Perez,Rod"]
[Result "1-0"]
[WhiteElo "2513"]
[BlackElo "2429"]

1.Nf3 d5 2.g3 Nf6 3.Bg2 e6 4.O-O Be7 5.c4 O-O 6.d4 dxc4 7.Qc2 a6 8.a4 Bd7
9.Rd1 Bc6 10.Nc3 Nbd7 11.e4 b5 12.d5 exd5 13.e5 b4 14.exf6 Nxf6 15.Ne5 Bb7
16.Nxd5 Nxd5 17.Qxc4 Bd6 18.Nc6 Bxc6 19.Qxc6 Nb6 20.a5 Nd7 21.Qxa8 Qxa8 22.Bxa8 Rxa8
23.Bf4 Ne5 24.Rac1 Kf8 25.Be3 Ke7 26.Bc5 Kd7 27.Bxb4 Rb8 28.Rxc7+  1-0

[Event "10th Open"]
[Site "Valle d'Aosta ITA"]
[Date "2002.02.17"]
[Round "9"]
[White "Ibrahimov,R"]
[Black "Drasko,M"]
[Result "1/2-1/2"]
[WhiteElo "2436"]
[BlackElo "2504"]

1.Nf3 d5 2.g3 c6 3.Bg2 Bg4 4.O-O Nd7 5.d3 Ngf6 6.Nbd2 e5 7.e4 Bd6 8.exd5 cxd5
9.c4 d4 10.h3 Bh5 11.b4 O-O 12.a3 b6 13.Re1 Qc7 14.Qb3 Rac8 15.Nh4 Rfe8 16.g4 Bg6
17.Nxg6 hxg6 18.Ne4 Nxe4 19.Bxe4 Nf6 20.Bg2 e4 21.dxe4 Qxc4 22.Qxc4 Rxc4
23.Bb2 Be5 24.Rac1 Rxc1 25.Bxc1 d3 26.Rd1 Rd8 27.Bf1 d2 28.Rxd2 Rxd2 29.Bxd2 Nxe4
30.Be3 f5 31.f3 Nd6 32.Bd3 Kf7 33.Bc2 f4 34.Bf2 Kf6 35.a4 Bc3 36.a5 Nc4 37.axb6 axb6
38.Bd3 Ne3 39.b5 g5 40.Bxe3 fxe3 41.Kf1 Ke5 42.Ke2 Kf4 43.Be4 Bd4 44.Bc6 Kg3
45.Bd5 Kxh3 46.Be4 Kg3 47.Bd5 Kf4  1/2-1/2

[Event "Petrov Mem Open"]
[Site "St Petersburg RUS"]
[Date "2002.02.18"]
[Round "7"]
[White "Zemerov,V"]
[Black "Kholtygina,N"]
[Result "1-0"]
[WhiteElo "2317"]
[BlackElo "2091"]

1.Nf3 d5 2.g3 Nf6 3.Bg2 g6 4.c4 e6 5.O-O Bg7 6.d4 O-O 7.Qc2 b6 8.Bf4 Na6
9.Ne5 c5 10.dxc5 Nxc5 11.Rd1 Bb7 12.Nc3 Re8 13.Rac1 Rc8 14.Qb1 a6 15.cxd5 Nxd5
16.b4 Nd7 17.Nxd5 exd5 18.Rxc8 Qxc8 19.Rc1 Qd8 20.Nxd7 Re7 21.Bg5 Qxd7 22.Bxe7 Qxe7
23.Qd3 h5 24.h4 Bb2 25.Rc2 Bf6 26.Bxd5 Bxd5 27.Qxd5 Qxb4 28.Rc7 Be7 29.Kg2 a5
30.e4 Qd6 31.Qxd6 Bxd6 32.Rb7 Bc5 33.a4 Bd4 34.f4 f6 35.Kf3 Kf8 36.g4 Kg8
37.f5 gxf5 38.exf5 Kh8 39.gxh5 Be5 40.h6  1-0

[Event "Petrov Mem Open"]
[Site "St Petersburg RUS"]
[Date "2002.02.18"]
[Round "7"]
[White "Loginov,Va"]
[Black "Aseev,K"]
[Result "1/2-1/2"]
[WhiteElo "2524"]
[BlackElo "2591"]

1.Nf3 d5 2.g3 c6 3.Bg2 Bg4 4.c4 e6 5.O-O dxc4 6.Na3 Bxa3 7.bxa3 Bxf3 8.Bxf3 b5
9.a4 a6 10.Rb1 Ne7 11.Qc2 Ra7 12.Rd1 O-O 13.Ba3 Rd7 14.Bc5 Qc7 15.d3 cxd3
16.Rxd3 Rxd3 17.Qxd3 Rd8 18.Qc2 Nd5  1/2-1/2